Online Catalogue and eLibrary

Abiyogaiye arboodaiya saga arboothaiye abiyogaiye (Record no. 6064)

MARC details
000 -LEADER
fixed length control field 00420nam a22001457a 4500
005 - DATE AND TIME OF LATEST TRANSACTION
control field 20250612033328.0
008 - FIXED-LENGTH DATA ELEMENTS--GENERAL INFORMATION
fixed length control field 250612b |||||||| |||| 00| 0 eng d
020 ## - INTERNATIONAL STANDARD BOOK NUMBER
ISBN 9789550480074
082 ## - DDC Classification
DDC Edition Number 22
Class No. 320
245 ## - TITLE STATEMENT
Title Abiyogaiye arboodaiya saga arboothaiye abiyogaiye
260 ## - PUBLICATION, DISTRIBUTION, ETC.
Place of publication, distribution, etc. Sri Lanka
Name of publisher, distributor, etc. Malima Publishers
Date of publication, distribution, etc. 2011
300 ## - PHYSICAL DESCRIPTION
Extent (e.g. Volumes, Pages etc.) 186 p .,
500 ## - GENERAL NOTE
General note Education and Research unit people's Struggle Movement
942 ## - Koha item type (Biblio)
Koha item type Books in Stacks (Lending)
Holdings
Lost status Damaged status Collection code Home library Current library Date acquired Full call number Accession Number Item type
    Lending WERC Library WERC Library 06/12/2025 320 7010 Books in Stacks (Lending)

© WERC Library